Presidents' Birth States - Sudden Death - Statistics

General Stats
  • This quiz has been taken 93 times
  • The average score is 11 of 21
Answers on the Grid
Answers color-coded by a green-red scale on the quiz's grid according to % correct below.
North Dakota
Ohio
Virginia
Oregon
Arkansas
Washington
North Carolina
Connecticut
Montana
Georgia
Pennsylvania
Florida
Wyoming
South Carolina
Minnesota
South Dakota
California
Missouri
New Mexico
New Jersey
Illinois
Colorado
Hawaii
New Hampshire
Arizona
Texas
Kentucky
Idaho
Nebraska
New York
Delaware
Massachussetts
Louisiana
Vermont
Iowa
Nevada
 
Answer Stats
Answer % Correct
Virginia
90%
Ohio
79%
New York
69%
California
67%
Texas
67%
Georgia
64%
Massachussetts
64%
Arkansas
60%
Hawaii
60%
Illinois
57%
Pennsylvania
55%
Connecticut
53%
North Carolina
45%
New Jersey
43%
Kentucky
40%
Missouri
38%
New Hampshire
38%
Vermont
34%
Iowa
24%
South Carolina
24%
Nebraska
19%
No matching quizzes found
Score Distribution
Percent of People with Each Score
Percentile by Number Answered
Your Score History
You have not taken this quiz